[Event "Wch U14"]
[Site "Montesilvano"]
[Date "2023.11.22"]
[Round "9"]
[White "Fan, Jingyi"]
[Black "Gkavardinas, Antonios"]
[Result "1/2-1/2"]
[WhiteElo "2035"]
[BlackElo "2230"]
[PlyCount "110"]
[EventDate "2023.11.13"]
[EventType "swiss"]
[EventRounds "11"]
[EventCountry "ITA"]
[SourceTitle "CB48_2023"]
[SourceDate "2023.11.29"]
[SourceVersion "1"]
[SourceVersionDate "2023.11.29"]
[SourceQuality "1"]

1. d4 d5 2. Nf3 Nf6 3. Bf4 c5 4. e3 Nc6 5. Nbd2 Qb6 6. dxc5 Qxb2 7. Rb1 Qc3 8. Bb5 e6 9. 0-0 Be7 10. e4 0-0 11. e5 Nd7 12. Nb3 Qb4 13. Nfd4 Nxd4 14. Nxd4 Qxc5 15. Re1 a6 16. Bd3 g6 17. Nb3 Qc7 18. Qg4 Re8 19. Nd4 Bf8 20. h4 Bg7 21. h5 Nc5 22. hxg6 fxg6 23. g3 Re7 24. Qh4 Rf7 25. Kg2 Bd7 26. Nf3 Nxd3 27. cxd3 Rf5 28. Rec1 Bc6 29. Nd4 Rh5 30. Qg4 Re8 31. Nxc6 bxc6 32. d4 Rf5 33. Qe2 Qa7 34. Qb2 g5 35. Be3 Qf7 36. g4 Rf3 37. Qe2 Rf8 38. Rxc6 h5 39. Rh1 hxg4 40. Qc2 Rh3 41. Rxh3 gxh3+ 42. Kxh3 g4+ 43. Kh2 Qh5+ 44. Kg1 Rf3 45. Rc8+ Bf8 46. Qc6 Qf7 47. Bh6 Qg6 48. Rxf8+ Rxf8 49. Bxf8 Qb1+ 50. Kh2 Qh7+ 51. Kg1 Qb1+ 52. Kh2 Qh7+ 53. Kg2 Qe4+ 54. Kg1 Qe1+ 55. Kg2 Qe4+ 1/2-1/2

[Event "Wch U14"]
[Site "Montesilvano"]
[Date "2023.11.13"]
[Round "1"]
[White "Gkavardinas, Antonios"]
[Black "Mazzi, Leonardo"]
[Result "1-0"]
[WhiteElo "2230"]
[BlackElo "1671"]
[PlyCount "71"]
[EventDate "2023.11.13"]
[EventType "swiss"]
[EventRounds "11"]
[EventCountry "ITA"]
[SourceTitle "CB48_2023"]
[SourceDate "2023.11.29"]
[SourceVersion "1"]
[SourceVersionDate "2023.11.29"]
[SourceQuality "1"]

1. e4 c5 2. Nf3 d6 3. d4 cxd4 4. Nxd4 Nf6 5. Nc3 a6 6. Be3 e5 7. Nb3 Be7 8. f3 Be6 9. Qd2 h5 10. Nd5 Bxd5 11. exd5 Nbd7 12. 0-0-0 Qc7 13. c4 a5 14. Kb1 a4 15. Na1 0-0 16. Nc2 Rfe8 17. Na3 e4 18. h3 exf3 19. gxf3 Ne5 20. f4 Ned7 21. Bd3 Bf8 22. Bd4 Ne4 23. Qg2 Ndc5 24. f5 Nxd3 25. Rxd3 h4 26. Qg4 Ng3 27. Rxg3 hxg3 28. Bxg7 f6 29. Bxf6+ Bg7 30. Bc3 Kf8 31. f6 Bh6 32. Qg6 Bf4 33. Rf1 Be3 34. f7 Rec8 35. Bg7+ Ke7 36. Qe6+ 1-0

[Event "EU-ch U14 31st"]
[Site "Mamaia"]
[Date "2023.09.07"]
[Round "3"]
[White "Rustamov, Rustam"]
[Black "Gkavardinas, Antonios"]
[Result "1/2-1/2"]
[WhiteElo "1995"]
[BlackElo "2280"]
[PlyCount "110"]
[EventDate "2023.09.05"]
[EventType "swiss"]
[EventRounds "9"]
[EventCountry "ROU"]
[SourceTitle "EXT 2024"]
[Source "ChessBase"]
[SourceDate "2023.10.10"]
[SourceVersion "1"]
[SourceVersionDate "2023.10.10"]
[SourceQuality "1"]

1. e4 c6 2. Nc3 d5 3. Nf3 Bg4 4. h3 Bxf3 5. Qxf3 e6 6. Be2 Nf6 7. 0-0 Nbd7 8. d4 dxe4 9. Nxe4 Nxe4 10. Qxe4 Nf6 11. Qd3 Be7 12. b3 0-0 13. c4 Qc7 14. Bb2 Rfd8 15. Qe3 Rd7 16. Rfd1 Ne8 17. d5 cxd5 18. cxd5 Rxd5 19. Rxd5 exd5 20. Bf3 Bf6 21. Re1 h6 22. Be5 Qd7 23. Rd1 Bxe5 24. Qxe5 Nf6 25. Rc1 Re8 26. Qf4 Rc8 27. Rxc8+ Qxc8 28. Qd6 Kh7 29. Qe7 Kg6 30. Kh2 h5 31. Qe3 b6 32. Qe7 a5 33. Qd6 Qe6 34. Qf4 Kh7 35. g4 hxg4 36. hxg4 Ne4 37. Kg2 g6 38. Qh2+ Kg7 39. Qf4 f5 40. Qc7+ Kf6 41. gxf5 gxf5 42. Qf4 Kg7 43. Qc7+ Kh6 44. Qf4+ Kg6 45. Qb8 d4 46. Qd8 Ng5 47. Qxd4 f4 48. Bd5 Qh3+ 49. Kg1 f3 50. Be4+ Kf7 51. Bd5+ Kg6 52. Be4+ Nxe4 53. Qxe4+ Kg5 54. Qe5+ Qf5 55. Qg7+ Kh5 1/2-1/2

[Event "World ol U16"]
[Site "Eindhoven"]
[Date "2023.08.17"]
[Round "7.11"]
[White "Peglau, Dora"]
[Black "Gkavardinas, Antonios"]
[Result "0-1"]
[WhiteElo "2052"]
[BlackElo "2162"]
[PlyCount "92"]
[EventDate "2023.08.13"]
[EventType "team-swiss"]
[EventRounds "9"]
[EventCountry "NED"]
[SourceTitle "CBM 215 Extra"]
[Source "ChessBase"]
[SourceDate "2023.09.30"]
[SourceVersion "1"]
[SourceVersionDate "2023.09.30"]
[SourceQuality "1"]
[WhiteTeam "Germany"]
[BlackTeam "Greece"]
[WhiteTeamCountry "GER"]
[BlackTeamCountry "GRE"]

1. d4 d5 2. c4 e6 3. Nc3 Be7 4. Nf3 Nf6 5. Bf4 0-0 6. e3 Nbd7 7. Be2 dxc4 8. Bxc4 a6 9. a4 c5 10. 0-0 Nb6 11. Bd3 Nbd5 12. Bg3 b6 13. Nxd5 Qxd5 14. dxc5 Bxc5 15. Qe2 Bb7 16. Rfd1 Ne4 17. Bc4 Qc6 18. Bf4 Nf6 19. b3 a5 20. Bb5 Qe4 21. Bd6 Rfc8 22. Bxc5 Rxc5 23. Rd4 Qg6 24. Rad1 h6 25. Bd3 Qh5 26. Bb1 Rd5 27. e4 Rxd4 28. Rxd4 Qc5 29. Qd2 e5 30. Rc4 Qe7 31. Qc1 Rd8 32. h3 Qd6 33. Kh2 Rd7 34. Qc3 Re7 35. Nh4 g6 36. Nf3 Kg7 37. Bd3 Ba6 38. Rc6 Qxd3 39. Qxd3 Bxd3 40. Rxb6 Nxe4 41. b4 axb4 42. Rxb4 Nxf2 43. Ne1 Bf5 44. a5 Nd3 45. Nxd3 Bxd3 46. Rb6 e4 0-1

[Event "World ol U16"]
[Site "Eindhoven"]
[Date "2023.08.16"]
[Round "6.8"]
[White "Fishchuk, Vladyslav"]
[Black "Gkavardinas, Antonios"]
[Result "1-0"]
[WhiteElo "2204"]
[BlackElo "2162"]
[PlyCount "81"]
[EventDate "2023.08.13"]
[EventType "team-swiss"]
[EventRounds "9"]
[EventCountry "NED"]
[SourceTitle "CBM 215 Extra"]
[Source "ChessBase"]
[SourceDate "2023.09.30"]
[SourceVersion "1"]
[SourceVersionDate "2023.09.30"]
[SourceQuality "1"]
[WhiteTeam "Ukraine"]
[BlackTeam "Greece"]
[WhiteTeamCountry "UKR"]
[BlackTeamCountry "GRE"]

1. e4 c6 2. Nc3 d5 3. Nf3 Bg4 4. h3 Bxf3 5. Qxf3 Nf6 6. Be2 e6 7. 0-0 Nbd7 8. d4 dxe4 9. Nxe4 Nxe4 10. Qxe4 Nf6 11. Qe3 Bd6 12. Rd1 0-0 13. g3 Qc7 14. Kg2 e5 15. dxe5 Bxe5 16. Qb3 Rfd8 17. Re1 Rd7 18. Bf3 Rad8 19. a4 a5 20. Qc4 Nd5 21. Ra3 h6 22. Rd3 Bf6 23. Qg4 Kh8 24. Qh5 Re7 25. Red1 Re5 26. Qg4 h5 27. Qc4 Nb6 28. Rxd8+ Bxd8 29. Qd4 Bg5 30. Bxg5 Rxg5 31. Re1 Kh7 32. h4 c5 33. Qd3+ Rg6 34. Bxh5 Qc6+ 35. Kg1 Nxa4 36. b3 Nb6 37. Bxg6+ fxg6 38. h5 c4 39. hxg6+ Qxg6 40. Qxg6+ Kxg6 41. Re6+ 1-0

[Event "World ol U16"]
[Site "Eindhoven"]
[Date "2023.08.15"]
[Round "4.6"]
[White "Cnejev, Vladimir Alexandru"]
[Black "Gkavardinas, Antonios"]
[Result "1-0"]
[WhiteElo "2352"]
[BlackElo "2162"]
[PlyCount "49"]
[EventDate "2023.08.13"]
[EventType "team-swiss"]
[EventRounds "9"]
[EventCountry "NED"]
[SourceTitle "CBM 215 Extra"]
[Source "ChessBase"]
[SourceDate "2023.09.30"]
[SourceVersion "1"]
[SourceVersionDate "2023.09.30"]
[SourceQuality "1"]
[WhiteTeam "Romania"]
[BlackTeam "Greece"]
[WhiteTeamCountry "ROU"]
[BlackTeamCountry "GRE"]

1. e4 c6 2. d4 d5 3. e5 Bf5 4. g4 Be4 5. f3 Bg6 6. e6 Qd6 7. exf7+ Bxf7 8. Nc3 Nd7 9. f4 g6 10. Nf3 Bg7 11. Be3 e6 12. Qd2 Ne7 13. 0-0-0 a6 14. Ne5 0-0 15. h4 b5 16. Qh2 Nb6 17. h5 gxh5 18. Bd3 Nc4 19. Bxc4 bxc4 20. Rdg1 Rab8 21. f5 exf5 22. gxh5 h6 23. Qg3 Ng6 24. hxg6 Be6 25. Bxh6 1-0

[Event "Belgrade Serbia op"]
[Site "Belgrade"]
[Date "2023.07.23"]
[Round "8"]
[White "Geivondian, Arman"]
[Black "Gkavardinas, Antonios"]
[Result "1-0"]
[WhiteElo "2356"]
[BlackElo "2146"]
[PlyCount "117"]
[EventDate "2023.07.16"]
[EventType "swiss"]
[EventRounds "9"]
[EventCountry "SRB"]
[SourceTitle "EXT 2024"]
[Source "ChessBase"]
[SourceDate "2023.10.10"]
[SourceVersion "1"]
[SourceVersionDate "2023.10.10"]
[SourceQuality "1"]

1. d4 d5 2. c4 e6 3. Nc3 Be7 4. Qc2 Nf6 5. cxd5 exd5 6. Bg5 c6 7. e3 0-0 8. Bd3 Nbd7 9. Nf3 Re8 10. 0-0 h6 11. Bf4 Nf8 12. h3 Bd6 13. Bxd6 Qxd6 14. Rab1 a5 15. a3 N8d7 16. Rfc1 Qe7 17. Nd2 Kh8 18. b4 g5 19. Re1 Qd6 20. Nf3 axb4 21. axb4 Rg8 22. Bf5 Nb6 23. Ne5 Rg7 24. Ne2 Be6 25. b5 cxb5 26. Bxe6 Qxe6 27. Rxb5 Rc8 28. Qb1 Nc4 29. Nxc4 dxc4 30. Rxb7 Ne4 31. Rb6 Rc6 32. Rxc6 Qxc6 33. f3 Nd6 34. Qb2 f5 35. Qa1 g4 36. hxg4 fxg4 37. Kf2 Qe8 38. Nf4 Qf7 39. Rh1 Qf6 40. Nh5 g3+ 41. Ke2 Qf5 42. e4 Re7 43. Nxg3 Qg5 44. Rh3 Nb5 45. Kf1 Ra7 46. Qb1 c3 47. Nf5 c2 48. Qxc2 Rc7 49. Qb2 h5 50. g4 Kg8 51. Qb3+ Kf8 52. Qb4+ Kg8 53. Qxb5 Rc1+ 54. Kg2 Qd2+ 55. Kg3 h4+ 56. Kxh4 Qf2+ 57. Kg5 Qd2+ 58. Kg6 Rc8 59. Qd5+ 1-0

[Event "GRE-ch U14"]
[Site "Peristeri"]
[Date "2023.07.07"]
[Round "7"]
[White "Gkavardinas, Antonios"]
[Black "Vassis, Michail"]
[Result "1-0"]
[WhiteElo "2146"]
[BlackElo "2027"]
[PlyCount "115"]
[EventDate "2023.07.03"]
[EventType "swiss"]
[EventRounds "9"]
[EventCountry "GRE"]
[SourceTitle "EXT 2024"]
[Source "ChessBase"]
[SourceDate "2023.10.10"]
[SourceVersion "1"]
[SourceVersionDate "2023.10.10"]
[SourceQuality "1"]

1. e4 c5 2. Nf3 e6 3. d4 cxd4 4. Nxd4 a6 5. c4 Qc7 6. Nc3 Nc6 7. a3 Nf6 8. Be3 d6 9. Be2 Be7 10. 0-0 Bd7 11. Rc1 0-0 12. Qd2 Rac8 13. f3 Rfd8 14. Rfd1 Be8 15. b4 Ne5 16. Kh1 Qb8 17. Qa2 h6 18. f4 Nc6 19. Nb3 Bf8 20. Bb6 Rd7 21. Qd2 Nh7 22. Qe3 Be7 23. Rd2 g5 24. g3 Nf8 25. Rcd1 Bf6 26. Na4 Re7 27. Rxd6 Nxb4 28. Nac5 Nc6 29. e5 Bg7 30. Bf3 Ng6 31. a4 Bf8 32. a5 Bg7 33. Nd2 gxf4 34. gxf4 Ncxe5 35. fxe5 Bxe5 36. Nde4 Bc6 37. Rd8+ Re8 38. Rxc8 Rxc8 39. Qxh6 Bg7 40. Qg5 Qe5 41. Rd8+ Rxd8 42. Qxd8+ Bf8 43. Nd7 Qf4 44. Bg2 Bxe4 45. Nf6+ Kh8 46. Nxe4 Qc1+ 47. Bg1 e5 48. c5 Kg8 49. Qd7 Bh6 50. Nf6+ Kg7 51. Nh5+ Kg8 52. Qe8+ Nf8 53. Qxe5 Ng6 54. Qe8+ Nf8 55. Bxb7 Qc4 56. Qe4 Qb5 57. Bd5 Qxa5 58. Qg4+ 1-0

[Event "GRE-ch U14"]
[Site "Peristeri"]
[Date "2023.07.04"]
[Round "2"]
[White "Gkavardinas, Antonios"]
[Black "Lampropoulos, Pavlos"]
[Result "1-0"]
[WhiteElo "2146"]
[BlackElo "1602"]
[PlyCount "138"]
[EventDate "2023.07.03"]
[EventType "swiss"]
[EventRounds "9"]
[EventCountry "GRE"]
[SourceTitle "EXT 2024"]
[Source "ChessBase"]
[SourceDate "2023.10.10"]
[SourceVersion "1"]
[SourceVersionDate "2023.10.10"]
[SourceQuality "1"]

1. e4 e5 2. Nf3 Nc6 3. Bc4 Nf6 4. d3 d5 5. exd5 Nxd5 6. 0-0 Be7 7. h3 f6 8. Re1 Nb6 9. Bb3 Bf5 10. Nh4 Qd7 11. Nxf5 Qxf5 12. Be3 0-0-0 13. Nc3 Bb4 14. a3 Bd6 15. Ne4 Kb8 16. Ba2 Qg6 17. b4 f5 18. Nxd6 cxd6 19. b5 Ne7 20. a4 Nbd5 21. Bd2 Nf6 22. a5 Qh5 23. Qxh5 Nxh5 24. f4 Ng6 25. fxe5 dxe5 26. Bc3 Rc8 27. Bc4 e4 28. Re3 Nf6 29. Re2 Rhe8 30. Bb4 Ne5 31. Bb3 Ka8 32. d4 Nc4 33. Bc5 Nb2 34. Rb1 Nd7 35. Rxb2 Nxc5 36. dxc5 Rxc5 37. c4 a6 38. bxa6 bxa6 39. Kf2 Rxa5 40. Rec2 Rc5 41. Ke3 g5 42. g3 f4+ 43. gxf4 gxf4+ 44. Kxf4 e3 45. Re2 Rc6 46. Kf3 Rf6+ 47. Kg2 Rg6+ 48. Kh2 Rg5 49. Ba4 Re6 50. Rxe3 Rxe3 51. Bc6+ Ka7 52. Rb7+ Ka8 53. Rb3+ Ka7 54. Rxe3 Rc5 55. Bd5 Rc7 56. Rb3 a5 57. Kg3 Ka6 58. Kf4 a4 59. Rb4 Ka5 60. Rb5+ Ka6 61. Ke5 a3 62. Rb3 Rg7 63. Rxa3+ Kb6 64. Rb3+ Ka6 65. c5 Rg5+ 66. Kd6 h5 67. c6 h4 68. c7 Ka7 69. Rb7+ Ka6 1-0

[Event "GRE-ch U14"]
[Site "Peristeri"]
[Date "2023.07.03"]
[Round "1"]
[White "Drivas, Georgios I"]
[Black "Gkavardinas, Antonios"]
[Result "0-1"]
[WhiteElo "1424"]
[BlackElo "2146"]
[PlyCount "52"]
[EventDate "2023.07.03"]
[EventType "swiss"]
[EventRounds "9"]
[EventCountry "GRE"]
[SourceTitle "EXT 2024"]
[Source "ChessBase"]
[SourceDate "2023.10.10"]
[SourceVersion "1"]
[SourceVersionDate "2023.10.10"]
[SourceQuality "1"]

1. e4 c6 2. d4 d5 3. Nc3 dxe4 4. Nxe4 Bf5 5. Ng3 Bg6 6. h4 h6 7. Nf3 Nd7 8. h5 Bh7 9. Bd3 Bxd3 10. Qxd3 e6 11. Bd2 Ngf6 12. 0-0-0 Be7 13. Qe2 0-0 14. Nf1 Kh8 15. c4 Qc7 16. Kb1 c5 17. Bc3 cxd4 18. Bxd4 a6 19. Ne5 Nxe5 20. Bxe5 Qc6 21. Ne3 Qe4+ 22. Qd3 Qxe5 23. g4 Rfd8 24. Qe2 Bc5 25. Rh3 Qe4+ 26. Ka1 Bxe3 0-1